Lanean...
Narayaneeyam
| Egile nagusia: | |
|---|---|
| Formatua: | Printed Book |
| Hizkuntza: | Malayalam |
| Argitaratua: |
1960.
|
| LEADER | 00411nam a2200133Ia 4500 | ||
|---|---|---|---|
| 008 | 150624b xxu||||| |||| 00| | mal d | ||
| 082 | |a 294.191 | ||
| 100 | |a Melpathur | ||
| 245 | |c Melpathur |a Narayaneeyam | ||
| 260 | |c 1960. | ||
| 546 | |a In Malayalam. | ||
| 942 | |c BK | ||
| 999 | |c 103414 |d 103414 | ||
| 952 | |0 1 |1 0 |4 0 |6 294_191000000000000_NAR_M |7 0 |9 104787 |a UL |b UL |c ST1 |d 2014-06-03 |l 0 |o 294.191 NAR M |p 47333 |r 2014-06-03 |w 2014-06-03 |y BK | ||